NBA All-Stars - Sudden Death - Statistics

General Stats
  • This quiz has been taken 2,363 times
    9 since last reset
  • The average score is 9 of 19
Answers on the Grid
Answers color-coded by a green-red scale on the quiz's grid according to % correct below.
Andre Iguodala
Andrew Wiggins
Arvydas Sabonis
Charles Barkley
CJ McCollum
DeAndre Jordan
Derrick White
Desmond Bane
Dražen Petrović
Jalen Green
Jamal Murray
James Harden
Jeff Hornacek
Jeff Malone
Jeff Teague
Jordan Poole
Jrue Holiday
Kobe Bryant
Kyle Korver
Larry Bird
Lebron James
Michael Cooper
Michael Jordan
Mike Conley
Muggsy Bogues
Nikola Jokić
Richard Jefferson
Toni Kukoč
Wes Unseld
Yao Ming
 
Answer Stats
Answer % Correct
Lebron James
88%
Nikola Jokić
88%
Yao Ming
88%
Charles Barkley
75%
James Harden
75%
Kobe Bryant
75%
Larry Bird
75%
Michael Jordan
63%
Andre Iguodala
50%
DeAndre Jordan
50%
Jamal Murray
50%
Wes Unseld
50%
Jrue Holiday
25%
Kyle Korver
25%
Andrew Wiggins
13%
Jeff Hornacek
13%
Mike Conley
13%
Jeff Malone
0%
Jeff Teague
0%
No matching quizzes found
Score Distribution
Percent of People with Each Score
Percentile by Number Answered
Your Score History
You have not taken this quiz since the last reset